Library Banner

Wellness (Record no. 26809)

MARC details
000 -LEADER
fixed length control field 00570nam a2200217Ia 4500
001 - CONTROL NUMBER
control field 26648
008 - FIXED-LENGTH DATA ELEMENTS--GENERAL INFORMATION
fixed length control field 140414s9999 xx 000 0 und d
020 ## - INTERNATIONAL STANDARD BOOK NUMBER
International Standard Book Number 0-07-039329-x
040 ## - CATALOGING SOURCE
Transcribing agency PK-LaUMT
082 ## - DEWEY DECIMAL CLASSIFICATION NUMBER
Classification number 613
Item number ANS-W
100 ## - MAIN ENTRY--PERSONAL NAME
Personal name David J. Anspaugh
245 ## - TITLE STATEMENT
Title Wellness
Remainder of title concepts and applications
Statement of responsibility, etc David J. Anspaugh<>Frank D. Rosato<>Michael H. Hamrich
250 ## - EDITION STATEMENT
Edition statement 4th
260 ## - PUBLICATION, DISTRIBUTION, ETC. (IMPRINT)
Place of publication, distribution, etc Boston,USA:
Name of publisher, distributor, etc McGraw-Hill,
Date of publication, distribution, etc 2000
300 ## - PHYSICAL DESCRIPTION
Extent 507 p.
546 ## - LANGUAGE NOTE
Language note EN
650 ## - SUBJECT ADDED ENTRY--TOPICAL TERM
Topical term or geographic name as entry element Health
700 ## - ADDED ENTRY--PERSONAL NAME
Personal name Frank D. Rosato
700 ## - ADDED ENTRY--PERSONAL NAME
Personal name Michael H. Hamrich
942 ## - ADDED ENTRY ELEMENTS (KOHA)
Koha item type Books
Holdings
Withdrawn status Lost status Damaged status Not for loan Home library Current library Date acquired Total Checkouts Full call number Barcode Date last seen Price effective from Koha item type
        UMT Main Campus UMT Main Campus 2014-04-14   613 ANS-W 29945 2014-04-25 2014-04-25 Books